Ako pomáha naša OĽK knižniciam okresu

Bibliographic Details
Main Author: Laceková, Šarlota (Author)
Format: Article
Language:Slovak

MARC

LEADER 00000nab a2200000uu 4500
001 vtls011442965
003 SK-MaSNL
005 20260303130333.0
008 230218|1954 xo |||||||||||||||||slo|
015 |a SNBRB 
035 |a (urnnbn)urn:nbn:sk:snk:ar-0035ud 
035 |a (uuid)46fcbce0-1b30-4019-9d36-c675c9821797 
035 |a urn:nbn:sk:snk-abcgv0 
040 |a SNKBUCL  |b slo  |c SNKBUCL  |e AACR2 
041 0 |a slo 
044 |a xo  |c SK 
100 1 |a Laceková, Šarlota  |4 aut  |9 1145655 
245 1 0 |a Ako pomáha naša OĽK knižniciam okresu  |c Šarlota Laceková 
773 0 |t Čitateľ : mesačník pre prácu s čitateľmi  |g Roč. 3, č. 12 (1954), s. 527-528 
954 |a odborná, vedecká literatúra pôvodná (slovenská)  |2 lita 
958 |a OND 
958 |a EUIPO 
958 |a article16 
999 |c 1940113  |d 1942043